000 00488nam a22001697a 4500
008 131016b xxu||||| |||| 00| 0 alb d
041 0 _aalb
080 _a32
_x(497.115)
100 1 _aKosumi, Bajram
245 1 0 _aKoncept për mendimin e ri politik /
_cBajram Kosumi.
260 _aPrishtinë :
_bMultigraphics ;
_c2001.
300 _a344 f. :
_c21 cm.
500 _aParathënie / Merxhan Avdyli : f. 7-8
650 0 _aPolitika praktike
_zKosova
650 0 _aKonceptet
942 _2udc
_cBK
999 _c127
_d127